How to cook everything. (Record no. 968)

MARC details
000 -LEADER
fixed length control field 00929pam a2200265 a 4500
005 - DATE AND TIME OF LATEST TRANSACTION
control field 20260322212041.0
008 - FIXED-LENGTH DATA ELEMENTS--GENERAL INFORMATION
fixed length control field data
010 ## - LIBRARY OF CONGRESS CONTROL NUMBER
LC control number 98022959
020 ## - INTERNATIONAL STANDARD BOOK NUMBER
International Standard Book Number 9780471789185 (pbk.)
040 ## - CATALOGING SOURCE
Original cataloging agency DLC
Transcribing agency DLC
Modifying agency DLC
050 00 - LIBRARY OF CONGRESS CALL NUMBER
Classification number TX714
Item number .B573 1998
082 00 - DEWEY DECIMAL CLASSIFICATION NUMBER
Classification number 641.5
Edition information 21
092 ## - LOCALLY ASSIGNED DEWEY CALL NUMBER (OCLC)
Classification number 641.5 B573 1998
001 - CONTROL NUMBER
control field data
100 1# - MAIN ENTRY--PERSONAL NAME
Personal name Bittman, Mark.
245 10 - TITLE STATEMENT
Title How to cook everything.
Name of part/section of a work Simple recipes for great food /
Statement of responsibility, etc. Mark Bittman.
246 3# - VARYING FORM OF TITLE
Title proper/short title Simple recipes for great food
260 ## - PUBLICATION, DISTRIBUTION, ETC.
Place of publication, distribution, etc. Hoboken, NJ :
Name of publisher, distributor, etc. Wiley Publishing,
Date of publication, distribution, etc. c1998.
300 ## - PHYSICAL DESCRIPTION
Extent xvi, 944 p. :
Other physical details ill. ;
Dimensions 24 cm.
500 ## - GENERAL NOTE
General note Includes index.
650 #0 - SUBJECT ADDED ENTRY--TOPICAL TERM
Topical term or geographic name entry element Cookery.
856 42 - ELECTRONIC LOCATION AND ACCESS
Materials specified Contributor biographical information
Uniform Resource Identifier <a href="http://www.loc.gov/catdir/bios/wiley045/98022959.html">http://www.loc.gov/catdir/bios/wiley045/98022959.html</a>
856 41 - ELECTRONIC LOCATION AND ACCESS
Materials specified Table of contents only
Uniform Resource Identifier <a href="http://www.loc.gov/catdir/toc/wiley022/98022959.html">http://www.loc.gov/catdir/toc/wiley022/98022959.html</a>
856 42 - ELECTRONIC LOCATION AND ACCESS
Materials specified Publisher description
Uniform Resource Identifier <a href="http://www.loc.gov/catdir/enhancements/fy0607/98022959-d.html">http://www.loc.gov/catdir/enhancements/fy0607/98022959-d.html</a>
Holdings
Withdrawn status Lost status Damaged status Not for loan Home library Current library Shelving location Date acquired Total checkouts Full call number Barcode Date last seen Price effective from Koha item type
        Centerville Centerville General stacks 22/03/2026   641.5 21 BC0011000 22/03/2026 22/03/2026 Books